His continued witness. (Record no. 17102)

MARC details
000 -LEADER
fixed length control field 00511nam a22001932 4500
001 - CONTROL NUMBER
control field 0000017820
003 - CONTROL NUMBER IDENTIFIER
control field OSt
005 - DATE AND TIME OF LATEST TRANSACTION
control field 20140825164753.0
008 - FIXED-LENGTH DATA ELEMENTS--GENERAL INFORMATION
fixed length control field 091125s1964 xx 000 0 eng d
040 ## - CATALOGING SOURCE
Original cataloging agency PUL
Transcribing agency PUL
050 ## - LIBRARY OF CONGRESS CALL NUMBER
Classification number BX8333.C522
Item number H5 1964.
100 1# - MAIN ENTRY--PERSONAL NAME
Personal name Chappell, Wallace D.
245 10 - TITLE STATEMENT
Title His continued witness.
Statement of responsibility, etc Wallace D.Chappell
260 ## - PUBLICATION, DISTRIBUTION, ETC. (IMPRINT)
Place of publication, distribution, etc New York :
Name of publisher, distributor, etc Abingdon Press,
Date of publication, distribution, etc 1964.
300 ## - PHYSICAL DESCRIPTION
Extent 140 p. ;
Dimensions 20 cm.
650 #0 - SUBJECT ADDED ENTRY--TOPICAL TERM
Topical term or geographic name as entry element Methodist Church
General subdivision Sermons.
908 ## - PUT COMMAND PARAMETER (RLIN)
Put command parameter 091125
942 ## - ADDED ENTRY ELEMENTS (KOHA)
Source of classification or shelving scheme Library of Congress Classification
Koha item type General circulation books
Holdings
Withdrawn status Lost status Source of classification or shelving scheme Damaged status Not for loan Home library Current library Date acquired Source of acquisition Total Checkouts Full call number Barcode Date last seen Price effective from Koha item type
    Library of Congress Classification     Presbyterian University of East Africa - Main Library Presbyterian University of East Africa - Main Library 26/12/2012 DON   BX8333.C522 H5 1964. 020020000900 26/12/2012 26/12/2012 General circulation books
© Customized & Maintained by Eunice Ngesa